000 00377pab a2200157 454500
008 180718b1988 xxu||||| |||| 00| 0 eng d
100 _aReddy, K. Ramachandra
245 _aDebt problem in Third World
260 _c1988
300 _a10-13
362 _a1 Jan.
650 _aDebt - Underdeveloped Areas
700 _aD. Reghunatha Reddy
773 _aYojana
909 _a7020
999 _c7020
_d7020